000 01318aam a2200289 i 4500
001 7846
003 CO-MdFUSB
005 20230823123352.0
007 ta
008 230823t1952 us ||||g |||| 00| 0 eng d
040 _bspa
_aCO-MdFUSB
_cCO-MdFUSB
_dCO-MdFUSBC
_erda
041 _aeng
082 0 4 _223
_a268.3
_bG995e
100 1 _aGwynn, Price H. (Henderson) (1892- )
_eautor
245 0 0 _aLeadership education in the local church
_c/ Price H. Gwynn, Jr.
264 4 _aPhiladelphia, PA., USA :
_bThe Westminster Press,
_c©1952
300 _a157 páginas
_c; 21 cm
336 _atexto
_btxt
_2rdacontent
337 _2rdamedia
_asin mediación
_bn
338 _2rdacarrier
_avolumen
_bnc
505 _aPrincipios básicos - Organizar y planificar el trabajo - Reclutar liderazgo - La conferencia de trabajadores - Planificación de lecciones - Cursos de educación de liderazgo en la iglesia local - Clases de educación de liderazgo comunitario - Capacitación para la extensión - Ayudas audiovisuales en educación de liderazgo - Autodesarrollo a través de la lectura y el estudio individual - Ayuda a los padres en el liderazgo religioso - Supervisión-entrenamiento
563 _aTapa dura
650 7 _2embne
_97271
_aLiderazgo cristiano
942 _cBK
945 _aAF
999 _c38050
_d38050